El vínculo afectivo con el niño por nacer
Αποθηκεύτηκε σε:
| Κύριος συγγραφέας: | |
|---|---|
| Μορφή: | Βιβλίο |
| Γλώσσα: | Ισπανικά |
| Έκδοση: |
Salamanca
Universidad Pontificia de Salamanca
2005
|
| Σειρά: | Tesis, 20
|
| Θέματα: | |
| Ετικέτες: |
Προσθήκη ετικέτας
Δεν υπάρχουν, Καταχωρήστε ετικέτα πρώτοι!
|
MARC
| LEADER | 00000nam a2200000 a 4500 | ||
|---|---|---|---|
| 001 | UCK3932 | ||
| 003 | CL-VaPUC | ||
| 008 | 050513e20050000SP |||||||||||||||||spa|d | ||
| 082 | 0 | 4 | |a 152.4 |b FER |2 21 |
| 100 | 0 | |a Fernández Mateos, Luz María |e author |9 492314 | |
| 245 | 1 | 3 | |a El vínculo afectivo con el niño por nacer |
| 300 | |a 111 p | ||
| 942 | |c BK | ||
| 945 | |d 20050513 00:00:00 |a jcarroza | ||
| 260 | |a Salamanca |b Universidad Pontificia de Salamanca |c 2005 | ||
| 500 | |a Extracto de la tesis presentada para la obtención del grado de Doctor | ||
| 650 | 0 | |a Madres e hijos |9 327033 | |
| 650 | 0 | |a Amor maternal |9 311949 | |
| 650 | 0 | |a Desarrollo embrionario |9 343783 | |
| 583 | |a last modification |c 20050513 00:00:00 |k Rodrigo Vera | ||
| 490 | 0 | |a Tesis, 20 | |
| 999 | |c 312977 |d 312975 | ||
| 952 | |0 0 |1 0 |4 0 |6 152_400000000000000_FER_2005 |7 0 |8 A |9 383994 |a BIBEDU |b BIBEDU |d 2019-11-22 |i 4117891 |o 152.4 FER 2005 |p 4117891 |r 2019-11-22 |w 2019-11-22 |y BK |k FIL | ||